01294nam a2200265 a 4500008004100000017004500041040002800086043003000114080002700144080002600171245021100197246004600408260008300454300003200537650007300569650006500642700002300707710006700730710004100797909001100838909001000849909001100859999001500870952014300885140403s2014 spca c 000 0 cat|d a120-2014bOficina Dipòsit Legal Girona aES-BaSLPbcatcES-BaSLP ae-sp---be-spcg-2catmarc a070(467.13)"1976/2014" a77(467.13)"1976/2014"10a1976-2014 :bla crònica dels canvis : el periodisme a les comarques gironines : [catàleg de l'exposició] : Casa de Cultura de Girona del 21 de març al 12 d'abril de 2014 /c[direcció: Enric Pujol]33aMil nou-cents setanta-sis-dos mil catorze aGirona :bCol·legi de Periodistes de Catalunya. Demarcació de Girona,c2014 a197 p. :bil. col. ;c24 cm 4aMitjans de comunicació de massazGirona (Província)xExposicions 4aFotografia periodísticazGirona (Província)xExposicions1 aPujol, Enricedir.2 aCol·legi de Periodistes de Catalunya.bDemarcació de Girona2 aFundació Casa de Cultura de Girona agaanvt aybrcr aggagbt c6864d6864 00104071aEBREbEBREd2015-05-21eDonaciól0o07 MIL r2015-05-27w2015-05-27yMONzDonació a la biblioteca Marcel·lí Domingo